Fuentes documentales para el estudio de la arquitectura de los siglos XVII y XVIII en Mérida y su entorno / Francisco Tejada Vizuete

por Tejada Vizuete, Francisco

ISBN: 84-7671-764-4
Descripción Física: 238 p. ; 24 cm

MARC

LEADER 00000nam a2200000Ia 4500
001 16223
003 BGR
005 20260324175310.0
008 160829s2004 xx 000 0 cat d
020 |a 84-7671-764-4 
080 |a B-2-58 
100 |a Tejada Vizuete, Francisco  |9 25484 
245 |a Fuentes documentales para el estudio de la arquitectura de los siglos XVII y XVIII en Mérida y su entorno / Francisco Tejada Vizuete 
260 |a Badajoz :  |b Junta de Extremadura. Consejería de Cultura,  |c 2004 
300 |a 238 p. ;  |c 24 cm 
590 |a A la part inferior de la portada: Documentos del Archivo Histórico Provincial de Badajoz.  
590 |a Referències bibliogràfiques.  
590 |a Índex 
650 |a Arquitectura  |x Mèrida  |x S. XVII/XVIII  |x Fonts  |9 25485 
710 1 |a Extremadura.  |b Consejería de Cultura  |9 54127 
710 1 |a Archivo Histórico Provincial de Badajoz  |9 70427 
901 |a Arxiu 
942 |n 1  |2 udc  |c MON 
952 |0 0  |1 0  |4 0  |6 B258  |7 1  |9 43641  |a Arxiu  |b Arxiu  |d 2016-12-01  |l 0  |o B-2-58  |p 16223  |r 2016-12-01 00:00:00  |w 2016-12-01  |y ARXIU 
999 |c 46189  |d 46189